Aktivovaná lopata vertikálneho nakladača

Podrobná bibliografia
Korporatívny autor: Noell Service und Maschinentechnik GmbH (Langenhagen, Nemecko) (Majiteľ patentu)
Ďalší autori: Schimd, Leo (Pôvodca)
Médium: Kniha
Jazyk:slovenčina
Fyzický popis:5 strán 8°
Vydavateľské údaje: Banská Bystrica Úrad priemyselného vlastníctva SR 1996
Predmet:

MARC

LEADER 00000cam a2200000 a 4500
001 vtls001219664
003 SK-MaSNL
005 20260331203704.0
008 960412s1996 xo grj f00000 slo
035 |a SNK000164025 
040 |a SNK  |b slo  |c SNK  |e AACR2 
041 0 |a slo 
043 |a e-gx--- 
044 |a xo  |c SK 
072 7 |a 621  |x Strojárstvo  |2 konspekt 
080 |a (088.83)  |2 2001 
100 1 |a Schimd, Leo  |4 org  |9 517451 
245 1 0 |a Aktivovaná lopata vertikálneho nakladača  |c Leo Schimd 
260 |a Banská Bystrica  |b Úrad priemyselného vlastníctva SR  |c 1996 
300 |a 5 strán  |c 8° 
650 0 7 |a nakladače  |2 SNKPH  |9 50964 
650 0 7 |a lopaty vertikálneho nakladača  |2 SNKPH  |9 517452 
655 7 |a patenty  |2 SNKPH  |9 177343 
710 2 |a Noell Service und Maschinentechnik GmbH (Langenhagen, Nemecko)  |4 pth  |9 517453 
999 |c 797016  |d 798946 
952 |t P60, <03>, [BOOK], {603}  |a SNK  |b SNK  |y PREZ  |7 0  |o snkSK 278185  |i snkPS 190/96  |0 0  |1 0  |4 0  |d 1996-09-05  |l 0  |r 2005-01-01 00:00:00  |w 2026-02-24